00491nam a22001697a 450000500170000001000150001702000270003203500140005903700090007308200080008210000180009024500490010826000440015727000790020130000200028070000210030020240527162153.0 aENG-140513 a9789381904275c5995.00 aEN-124045 bDBAD a260 aWadva Satjit, aUnderstanding Asa-di-Var:bThe Morning Star/ aNew DelhibKW Publishers Pvt. Ltdc2013 bNew Delhia14th Floo4676/21, First Floor, Ansari Road, Daryaganj. e110002 a255p.c18cm(hb) aBy Satjit Wadva,